00673cam a22002051 4500001001300000003000400013005001700017008004100034010001700075035001800092040001800110042001200128050001700140100001600157245010200173260013600275300001800411650002100429999001700450sa 68018777 DLC20260227112714.0730321s1963 xx 000 0 ind  asa 68018777  a(OCoLC)585448 aDLCcOAUdDLC apremarc00aBJ1595b.N281 aNasroen, M.10aBisikan sukma,coleh M. Nasroen. Prakata oleh H. A. Notosoetardjo. Disambut oleh A. Wahid Hasjim. aDjakarta,bPenerbitan bersama: "Lembaga Penggali dan Penggali dan penghimpun Sedjarah Revolusi Indonesia" "Endang"-"Pemuda",c1963. a44 p.c23 cm. 0aConduct of life. c88638d88638